<?xml version="1.0" encoding="UTF-8"?>
<record
    xmlns:xsi="http://www.w3.org/2001/XMLSchema-instance"
    xsi:schemaLocation="http://www.loc.gov/MARC21/slim http://www.loc.gov/standards/marcxml/schema/MARC21slim.xsd"
    xmlns="http://www.loc.gov/MARC21/slim">

  <leader>00468nam a2200157Ia 4500</leader>
  <controlfield tag="008">230718s9999    xx            000 0 und d</controlfield>
  <datafield tag="041" ind1=" " ind2=" ">
    <subfield code="a">eng</subfield>
  </datafield>
  <datafield tag="082" ind1=" " ind2=" ">
    <subfield code="a">621.3845'6</subfield>
    <subfield code="b">KES</subfield>
  </datafield>
  <datafield tag="100" ind1=" " ind2=" ">
    <subfield code="a">Keskar D.</subfield>
    <subfield code="9">171457</subfield>
  </datafield>
  <datafield tag="245" ind1=" " ind2=" ">
    <subfield code="a">Mobile Telephony Devices:</subfield>
    <subfield code="b">The Technological Revolution</subfield>
  </datafield>
  <datafield tag="260" ind1=" " ind2=" ">
    <subfield code="c">2009</subfield>
    <subfield code="b">ICFAI  Books</subfield>
  </datafield>
  <datafield tag="300" ind1=" " ind2=" ">
    <subfield code="a">233</subfield>
  </datafield>
  <datafield tag="365" ind1=" " ind2=" ">
    <subfield code="c">Rs.</subfield>
    <subfield code="b">425.00</subfield>
  </datafield>
  <datafield tag="700" ind1=" " ind2=" ">
    <subfield code="a">Keskar D. &amp; Poddar R.Ed.</subfield>
    <subfield code="9">191022</subfield>
  </datafield>
  <datafield tag="906" ind1=" " ind2=" ">
    <subfield code="d">O:0048022-Jan-2010B:109100073004-Nov-2009</subfield>
    <subfield code="c">ETC </subfield>
    <subfield code="b">85</subfield>
  </datafield>
  <datafield tag="999" ind1=" " ind2=" ">
    <subfield code="c">323676</subfield>
    <subfield code="d">323676</subfield>
  </datafield>
  <datafield tag="952" ind1=" " ind2=" ">
    <subfield code="0">0</subfield>
    <subfield code="1">0</subfield>
    <subfield code="4">0</subfield>
    <subfield code="7">0</subfield>
    <subfield code="a">CCEP</subfield>
    <subfield code="b">CCEP</subfield>
    <subfield code="d">2010-01-23</subfield>
    <subfield code="e">Varma Book Distributors</subfield>
    <subfield code="f">ETC </subfield>
    <subfield code="g">340.00</subfield>
    <subfield code="i">1091000730</subfield>
    <subfield code="l">0</subfield>
    <subfield code="o">621.3845'6</subfield>
    <subfield code="p">CCEP-BK-34883</subfield>
    <subfield code="r">2023-07-18 00:00:00</subfield>
    <subfield code="t">85</subfield>
    <subfield code="v">425.00</subfield>
    <subfield code="w">2009-11-04</subfield>
    <subfield code="y">BK</subfield>
    <subfield code="z">034883</subfield>
  </datafield>
</record>
